000 00415nam a2200157 i 4500
001 34867
003 ES-MaACL
005 20230906155018.0
007 t|
008 030211s1907 fr ||||1| fre d
100 1 _aBonnier, Gaston.
_930279
245 1 3 _aLe monde végétal /
_cGaston Bonnier.
260 _aParís :
_bErnest Flammarion,
_c1907.
300 _a391 p. :
_bil. ;
_c18 cm.
852 _aES-MaACL
_jF-6153
999 _c34867
_d34867